| 000 | 00957nam a2200301 i 4500 | ||
|---|---|---|---|
| 001 | 69915 | ||
| 003 | ES-MaACL | ||
| 005 | 20230906170647.0 | ||
| 007 | t| | ||
| 008 | 040713s1987 sp 001 d epo d | ||
| 020 | _a84-86384-03-6 | ||
| 080 | _a821.134.2-23"19" | ||
| 100 | 1 |
_aGarcía Lorca, Federico, _d1898-1936 _954853 |
|
| 245 | 1 | 0 |
_aSanga nupto ; _bLa domo de Bernarda Alba / _cde Federico García Lorca ; tradukita de Miguel Fernández. |
| 260 |
_aMadrid : _bEdiciones La Misma, _c1987. |
||
| 300 |
_a229 p. ; _c22 cm. |
||
| 490 | 1 |
_aOriento-okcidento ; _v23 |
|
| 504 | _aBibliografía. | ||
| 546 | _aTexto en esperanto. | ||
| 700 | 1 |
_aFernández, Miguel ( _d1950-) _9162251 |
|
| 740 | 3 | 2 | _aLa domo de Bernarda Alba. |
| 740 | 0 | 2 | _aBodas de sangre. |
| 740 | 3 | 2 | _aLa casa de Bernarda Alba. |
| 830 | 1 |
_aOriento-okcidento ; _v23 _9226597 |
|
| 852 | 4 |
_aES-MaACL _jL-12859 |
|
| 852 | 4 |
_aES-MaACL _jL-13073 |
|
| 999 |
_c69915 _d69915 |
||